00634nam a2200217 a 450000100060000000300080000600500170001400800410003103500190007204000360009104100080012708200240013510000200015924500660017925000120024526000490025730000340030650400380034065000140037870000240039275010BD-RjUL20211209082631.0161115s1962 nyua b 001 0 eng  a(BD-RjUL)55369 aDLC/ICUcICUdICUdBD-RjULbeng aeng00a576.5222bKIG 19621 aKing, Robert C.00aGenetics /cRobert C. King ; illustrated by E. John Pfiffner. a2nd ed. aNew York :bOxford University Press,cc1965. axiv, 450 p. :bill. ;c26 cm. aIncludes bibliographies and index 0aGenetics. aPfiffner, E. John